Sports Quiz

Random Sports Quiz
Score 0/25 Timer 05:00
0 Plays Today
Position Player % Correct
ForwardRicharlison
61.9%
MidfieldAshley Young
61.9%
GoalkeeperScott Loach
58.2%
MidfieldDomingos Quina
50%
ForwardTommy Smith
47%
ForwardTommy Smith
47%
DefenceTommie Hoban
37.3%
DefenceTommie Hoban
37.3%
MidfieldSean Murray
33.6%
MidfieldSean Murray
33.6%
DefenceNathan Ake
28.4%
ForwardHameur Bouazza
28.4%
ForwardHameur Bouazza
28.4%
Position Player % Correct
MidfieldAl Bangura
26.9%
ForwardGifton Noel-Williams
26.9%
DefencePaul Robinson
26.1%
DefenceRobert Page
20.9%
MidfieldAnthony McNamee
20.1%
MidfieldRoss Jenkins
19.4%
MidfieldJohn-Joe O'Toole
17.2%
MidfiieldDion Pereira
14.2%
MidfieldJamie Hand
13.4%
ForwardDavid Connolly
9.7%
MidfiieldWill Buckley
8.2%
MidfieldClint Easton
4.5%
Remove Ads.
Support Sporcle.
Get the best of Sporcle when you Go Orange. This ad-free experience offers more features, more stats, and more fun while also helping to support Sporcle. Thank you for becoming a member.

You're not logged in!

Compare scores with friends on all Sporcle quizzes.
OR
Log In

Sporcle TV

Today on Sporcle TV


Watch our educational content, quiz creation guides, and fun videos on Sporcle TV.

Show Comments

Extras

Created May 11, 2020ReportNominate
Tags:Player, position, season, Watford, Winner, Young

Top Quizzes Today


Score Distribution

Paid Content

Your Account Isn't Verified!

In order to create a playlist on Sporcle, you need to verify the email address you used during registration. Go to your Sporcle Settings to finish the process.

Report this User

Report this user for behavior that violates our Community Guidelines.

Details: